Ethno-National movements of Pakistan (Record no. 347967)
[ view plain ]
| 000 -LEADER | |
|---|---|
| fixed length control field | 00379 a2200145 4500 |
| 020 ## - INTERNATIONAL STANDARD BOOK NUMBER | |
| International Standard Book Number | 9694480000 |
| 082 ## - DEWEY DECIMAL CLASSIFICATION NUMBER | |
| Classification number | 954.91 |
| 090 ## - LOCALLY ASSIGNED LC-TYPE CALL NUMBER (OCLC); LOCAL CALL NUMBER (RLIN) | |
| -- | 5563 |
| -- | 5563 |
| 100 ## - MAIN ENTRY--PERSONAL NAME | |
| Personal name | Amin,Tahir |
| 245 ## - TITLE STATEMENT | |
| Title | Ethno-National movements of Pakistan |
| Statement of responsibility, etc. | Tahir Amin |
| 260 ## - PUBLICATION, DISTRIBUTION, ETC. | |
| Place of publication, distribution, etc. | Islamabad |
| Name of publisher, distributor, etc. | Institute of Policy Studies Islamabad |
| Date of publication, distribution, etc. | 1993 |
| 300 ## - PHYSICAL DESCRIPTION | |
| Extent | 285 |
| 500 ## - GENERAL NOTE | |
| General note | paperback |
| 942 ## - ADDED ENTRY ELEMENTS (KOHA) | |
| Institution code [OBSOLETE] | NBS |
| Koha item type | Book |
| Call number prefix | 954.91 THA |
| Withdrawn status | Lost status | Source of classification or shelving scheme | Materials specified (bound volume or other part) | Damaged status | Not for loan | Permanent Location | Current Location | Shelving location | Date acquired | Total Checkouts | Full call number | Barcode | Date last seen | Date last checked out | Price effective from | Koha item type | Public note |
|---|---|---|---|---|---|---|---|---|---|---|---|---|---|---|---|---|---|
| CSS Corner Book | Central Library (CL) | Central Library (CL) | Central Superior Services | 08/28/2013 | 2 | 954.91 TAH | NBS6225 | 11/28/2024 | 10/28/2024 | 08/28/2013 | CSS Corner | CSS Corner Book |
